00488nam a2200193Ia 4500003000900000008004100009040001300050040001300063041000800076100002400084245009900108250001100207260001500218260000900233300001100242300001000253490002500263490000600288IT-RoPAU120407s9999 xx 000 0 und d aIT-RoPAU cIT-RoPAU aita aAntonio M. Javierre aPromozione conciliare del dialogo ecumenico. Presentazione del “Decretum de Aecumenismo”. aTorino aElle Di Ci c1965 a319 p. c22 cm aMagistero Conciliare v2